01172nam a2200241 i 450000100060000000300090000600500170001500700030003200800410003508000190007610000320009524502420012726000500036930000210041953000350044061000480047561000440052365000310056771000590059885200670065785601170072485600890084127207ES-MaACL20260326134053.0t|030113s1917 sp ||||1| spa d a94(4)"1914/18"1 aAzaña, Manuel,d1880-194014aLos motivos de la germanofilia b: texto taquigráfico del discurso pronunciado por el Sr. Azaña en el Ateneo de Madrid (Sección de Ciencias Históricas), el 25 de mayo de 1917, al discutirse la actitud de España ante la guerra. aMadrid : b[s.n.], c1917 (fImp. Helénica) a72 p. ; c19 cm. aDisponible en formato digital.24aAteneo de Madrid-vConferencias-y1900-193924aAteneo de Madrid-vObras digitalizadas. 4aGuerra mundial, 1914-1918.2 aAteneo de Madrid. bSección de Ciencias Históricas4 aES-MaACLj1485-F-10cDEPOFzRevisión enlace: 25 Marzo 2025. 4 uhttp://www.ateneodemadrid.com/biblioteca_digital/folletos/Discursos-002.pdfyBiblioteca Digital Ateneo de Madrid4 uhttp://bdh-rd.bne.es/viewer.vm?id=0000256776&page=1 yBiblioteca Digital Hispánica